Islam, fundamentalism, and the betrayal of tradition : (Record no. 4026)

000 -LEADER
fixed length control field 01849cam a22003134a 4500
001 - CONTROL NUMBER
control field 13548134
003 - CONTROL NUMBER IDENTIFIER
control field Nust
005 - DATE AND TIME OF LATEST TRANSACTION
control field 20170105101618.0
008 - FIXED-LENGTH DATA ELEMENTS--GENERAL INFORMATION
fixed length control field 040405s2004 inu b 001 0 eng
010 ## - LIBRARY OF CONGRESS CONTROL NUMBER
LC control number 2004007930
020 ## - INTERNATIONAL STANDARD BOOK NUMBER
International Standard Book Number 0941532607 (pbk. : alk. paper)
040 ## - CATALOGING SOURCE
Original cataloging agency DLC
Transcribing agency DLC
Modifying agency DLC
042 ## - AUTHENTICATION CODE
Authentication code pcc
050 00 - LIBRARY OF CONGRESS CALL NUMBER
Classification number BP60
Item number .I7848 2004
082 00 - DEWEY DECIMAL CLASSIFICATION NUMBER
Classification number 297.09051
Author Mark NAS
245 00 - TITLE STATEMENT
Title Islam, fundamentalism, and the betrayal of tradition :
Remainder of title essays by Western Muslim scholars /
Statement of responsibility, etc. edited by Joseph E.B. Lumbard ; foreword by Seyyed Hossein Nasr.
260 ## - PUBLICATION, DISTRIBUTION, ETC.
Place of publication, distribution, etc. Bloomington, Ind. :
Name of publisher, distributor, etc. World Wisdom,
Date of publication, distribution, etc. 2004.
300 ## - PHYSICAL DESCRIPTION
Extent xxii, 324 p. ;
Dimensions 23 cm.
440 #4 - SERIES STATEMENT/ADDED ENTRY--TITLE
Title The perennial philosophy series
504 ## - BIBLIOGRAPHY, ETC. NOTE
Bibliography, etc. note Includes bibliographical references (p. 311-324) and index.
505 0# - FORMATTED CONTENTS NOTE
Formatted contents note Religious foundations. The myth of a militant Islam / David Dakake -- The decline of knowledge and the rise of ideology in the modern Islamic world / Joseph E.B. Lumbard -- A traditional Islamic response to the rise of modernism / Fuad S. Naeem -- Historical dimensions. Recollecting the spirit of jihād / Reza Shah-Kazemi -- Roots of misconception : Euro-American perceptions of Islam -- Before and after September 11 / Ibrahim Kalin -- Political dimensions. The Economics of terrorism : how Bin Laden is changing the rules of the game / Waleed El-Ansary -- The Muslim world and globalization : modernity and the roots of conflict / Ejaz Akram -- The poverty of fanaticism / T.J. Winter.
650 #0 - SUBJECT ADDED ENTRY--TOPICAL TERM
Topical term or geographic name entry element Islamic fundamentalism.
650 #0 - SUBJECT ADDED ENTRY--TOPICAL TERM
Topical term or geographic name entry element Islam and world politics.
650 #0 - SUBJECT ADDED ENTRY--TOPICAL TERM
Topical term or geographic name entry element September 11 Terrorist Attacks, 2001.
700 1# - ADDED ENTRY--PERSONAL NAME
Personal name Lumbard, Joseph E. B.,
Dates associated with a name 1969-
906 ## - LOCAL DATA ELEMENT F, LDF (RLIN)
a 7
b cbc
c orignew
d 1
e ecip
f 20
g y-gencatlg
942 ## - ADDED ENTRY ELEMENTS (KOHA)
Source of classification or shelving scheme
Koha item type Book
Holdings
Withdrawn status Lost status Source of classification or shelving scheme Damaged status Not for loan Permanent Location Current Location Shelving location Date acquired Source of acquisition Total Checkouts Full call number Barcode Date last seen Date last checked out Copy number Price effective from Koha item type
          Central Library (CL) Central Library (CL) First Floor - Islam 12/08/2016 Saeed book bank 1 297.09051 LUM CL2185 02/25/2021 03/13/2020 1 12/08/2016 Book
© 2023 Central Library, National University of Sciences and Technology. All Rights Reserved.